000 00262nmm a2200097Ia 4500
008 220120s9999||||xx |||||||||||||||||und||
020 _a0-07-044742-X
100 _aGhosh , Pallab
245 0 _aNumerical methods with computer programms in C++
260 _bNew Delhi
999 _c139204
_d139204